000
00286nam a2200121Ia 4500
005
20251222152717.0
008
251222s9999||||xx |||||||||||||| ||spa||
020
_a
9786124716300
082
_a
869.570.38/V39
100
_a
Vela Tuesta, Jania
245
0
_a
Selva Misteriosa
942
_c
LIB
999
_c
29429
_d
29429